[Event "EYCC Open U12 2018"]
[Site "Riga"]
[Date "2018.08.28"]
[Round "8"]
[White "Vasilyev, Alexey"]
[Black "Safin, Robert"]
[Result "1-0"]
[WhiteElo "2018"]
[BlackElo "2156"]
[Annotator "TA"]
[PlyCount "93"]
[EventDate "2018.08.20"]
[EventType "swiss"]
[EventCountry "LAT"]
[SourceTitle "playchess.com"]
[Source "ChessBase"]
[SourceQuality "1"]

{[%evp 30,92,23,14,21,3,63,54,52,18,85,41,114,109,94,101,115,88,104,90,98,37,115,118,102,56,64,61,99,78,79,81,80,69,61,66,68,68,69,70,113,71,193,77,145,152,189,189,190,191,193,190,208,210,325,327,323,346,593,585,29986,29981,29997,29998,29999]} 1. e4 c5 2. Nf3 Nc6 3. d4 cxd4 4. Nxd4 Nf6 5. Nc3 e5 6. Ndb5 d6 7. Bg5 a6 8. Na3 b5 9. Nd5 Be7 10. Bxf6 Bxf6 11. c4 b4 12. Nc2 a5 13. b3 {B33: Sizilianisch (Lasker/Pelikan/Sweschnikow-Variante)} (13. g3 O-O 14. Bg2 g6 15. O-O Bg7 16. b3 Rb8 17. Qd2 Be6 18. Rad1 Rb7 19. Kh1 a4 20. f4 axb3 21. axb3 {1-0 (58) Kravtsiv,M (2672)-Vidit,S (2715) Riadh 2017}) 13... Bg5 14. g3 Be6 15. Bg2 O-O 16. O-O {LiveBook: 23 Partien} Bh6 17. Qd3 Ra7 $146 (17... Bxd5 $11 18. exd5 Nb8) ({Vorgänger:} 17... Qb8 18. f4 f6 19. Kh1 {1-0 (35) Paveto,K (2426)-Feliciano Ebert,V (2252) Praia da Pipa 2014}) 18. Rad1 $14 g6 19. f4 Bg7 (19... a4 $11) 20. Qe3 Nd4 (20... exf4 $14 21. gxf4 Qh4) 21. Nxd4 $16 exd4 22. Rxd4 Qb8 23. Rd2 Re8 24. Qd3 a4 25. Rb1 ({Lieber} 25. Ne3 $16) 25... f5 (25... Ra5 $14) 26. Kh1 Kh8 27. Ne3 {[%cal Re4f5]} axb3 28. axb3 {[%cal Re4f5]} Bc3 29. Rc2 {[%cal Re4f5]} fxe4 30. Bxe4 Rae7 {zielt auf ...Lh3 ab.} 31. Bc6 Bd7 32. Bxd7 Rxe3 33. Qd5 Re1+ 34. Rxe1 Rxe1+ 35. Kg2 Qc7 {[#]} ({Jedoch nicht} 35... Qa7 $2 36. Qxd6 Qb7+ 37. Bc6 $18) (35... Kg7 $16 {war angesagt.}) 36. Bg4 (36. Qf7 $1 $18 {[%cal Rf7f8]} Qb7+ 37. Kh3) 36... Qe7 ({Besser ist} 36... h5 37. Be6 Kg7) 37. Ra2 Qe4+ 38. Qxe4 Rxe4 $18 {[%mdl 4096] Endspiel [#] KTL-KTL} 39. Ra6 $1 Rd4 40. Be6 Rd2+ 41. Kh3 h5 (41... Kg7 {war einen Versuch wert.} 42. Ra7+ Kh8) 42. Bd5 Bd4 43. Rxd6 Bg1 $2 (43... Kg7 44. Be4 Be3 45. Rxg6+ Kf8) 44. Kh4 Rxh2+ 45. Kg5 {Weiß setzt Matt.} Rh3 46. Kh6 {[%cal Rd6d8]} Bd4 47. Rd8# {Precision: Weiß = 58%, Schwarz = 27%.} 1-0

[Event "EYCC Open U12 2018"]
[Site "Riga"]
[Date "2018.08.28"]
[Round "8"]
[White "Piliposyan, Robert"]
[Black "Murzin, Volodar"]
[Result "0-1"]
[WhiteElo "1975"]
[BlackElo "2306"]
[Annotator "TA"]
[PlyCount "76"]
[EventDate "2018.08.20"]
[EventType "swiss"]
[EventCountry "LAT"]
[SourceTitle "playchess.com"]
[Source "ChessBase"]
[SourceQuality "1"]

{[%evp 13,76,0,0,2,8,0,12,6,31,24,29,23,33,31,43,32,47,33,51,18,23,-14,-9,-8,0,-16,0,-20,-14,-31,-18,-52,-27,-63,-18,-22,4,0,7,0,33,-41,0,-58,-50,-130,-123,-115,-131,-140,-145,-366,-369,-381,-380,-366,-370,-387,-365,-1807,-1779,-1705,-1679,-1560,-1536]} 1. e4 c5 2. Nf3 d6 3. d4 cxd4 4. Nxd4 Nf6 5. Nc3 a6 6. Be2 e5 7. Nf3 Be7 {LiveBook: 171 Games} 8. Nd2 {B92: Sicilian Najdorf: 6 Be2} (8. Bg5 Nbd7 9. a4 h6 10. Be3 Ng4 11. Bc1 Ngf6 12. Nd2 Nc5 13. O-O Qc7 14. a5 Be6 15. Re1 O-O 16. Bf3 Rad8 {½-½ (80) So,W (2778)-Vachier Lagrave,M (2789) Stavanger 2018}) 8... Nc6 $146 ({Predecessor:} 8... Be6 9. Nc4 O-O 10. Bg5 Nxe4 11. Nxe4 d5 12. Bxe7 Qxe7 13. Nxe5 dxe4 14. Qd4 f6 15. Nc4 Nc6 16. Qxe4 {0-1 (24) Kalinin,V (1462)-Hoehne,V (1936) LSS email 2013}) 9. Nc4 Be6 10. Ne3 {The position is equal.} Nd4 11. O-O O-O 12. Bd3 Rc8 13. Ncd5 Nc6 14. c3 Nb8 15. Bc2 Nbd7 16. f3 Nb6 17. Qd3 Bxd5 18. exd5 g6 19. c4 Nh5 20. b3 Nd7 21. Qd1 Bg5 22. Qe1 f5 23. Kh1 a5 {[%cal Ba6a5,Ba5a4][%mdl 32]} 24. Bd2 b6 25. Nd1 Bxd2 26. Qxd2 Nc5 27. Nf2 (27. Nc3 $14) 27... Kg7 28. a3 (28. Nd1 $11) 28... a4 29. b4 ({Better is} 29. bxa4 $15 Qh4 30. Rfb1) 29... Nb3 $17 30. Bxb3 axb3 31. Rfc1 Qh4 32. Nh3 $2 {[#]} (32. Kg1 $17) 32... Rxc4 $19 33. Rxc4 Qxc4 34. Rc1 Qd4 35. Qxd4 exd4 36. Ng5 $2 (36. Rb1 Rc8 37. g4) 36... b2 {[%cal Rb2c1] [#] Black is clearly winning.} 37. Ne6+ Kf6 {[%cal Rb2c1]} 38. Rg1 Rc8 {Precision: White = 29%, Black = 43%.} 0-1

[Event "EYCC Open U12 2018"]
[Site "Riga"]
[Date "2018.08.29"]
[Round "9"]
[White "Murzin, Volodar"]
[Black "Chyzy, Jakub"]
[Result "1/2-1/2"]
[WhiteElo "2306"]
[BlackElo "2143"]
[Annotator "TA"]
[PlyCount "34"]
[EventDate "2018.08.20"]
[EventType "swiss"]
[EventCountry "LAT"]
[SourceTitle "playchess.com"]
[Source "ChessBase"]
[SourceQuality "1"]

{[%evp 16,34,23,23,43,21,22,13,21,6,38,23,31,17,14,4,8,21,12,13,22]} 1. e4 e6 2. d4 d5 3. Nc3 Nf6 4. e5 Nfd7 5. f4 c5 6. Nf3 Nc6 7. Be3 a6 8. Ne2 {C11: French: Classical System: 4 e5 and 4 Bg5 dxe4} b5 (8... f5 9. c3 Be7 10. Rg1 c4 11. g4 g6 12. gxf5 exf5 13. Kf2 b5 14. b3 Nb6 15. Ng3 Be6 {½-½ (49) Anand,V (2782)-Short,N (2678) Riadh 2017}) 9. c3 {LiveBook: 5 Games} c4 10. g3 {White is slightly better.} a5 $146 ({Predecessor:} 10... b4 11. Bh3 Nb6 12. O-O Bd7 13. Qb1 bxc3 14. bxc3 g6 {1-0 (54) Danin,A (2335)-Pustov,P (2353) Essentuki 2003}) 11. a3 Be7 12. Bg2 g6 13. O-O Bb7 14. g4 h5 $1 {The position is equal.} 15. h3 hxg4 16. hxg4 Qb6 17. Kf2 O-O-O {Precision: White = 32%, Black = 67%.} 1/2-1/2

[Event "EYCC Open U12 2018"]
[Site "Riga"]
[Date "2018.08.29"]
[Round "9"]
[White "Mitusov, Semen"]
[Black "Makoveev, Ilya"]
[Result "1/2-1/2"]
[WhiteElo "2140"]
[BlackElo "2249"]
[Annotator "TA"]
[PlyCount "51"]
[EventDate "2018.08.20"]
[EventType "swiss"]
[EventCountry "LAT"]
[SourceTitle "playchess.com"]
[Source "ChessBase"]
[SourceQuality "1"]

{[%evp 18,51,16,8,10,9,16,8,24,12,17,0,16,0,1,-16,-9,-14,-8,-15,-14,-11,-16,-68,-67,-64,-69,-70,-68,-79,-74,-83,-39,-72,29,-175]} 1. d4 Nf6 2. Nf3 e6 3. e3 c5 4. Nbd2 Nc6 5. a3 (5. c3 d5 6. Bd3 Bd6 7. O-O O-O 8. dxc5 Bxc5 9. e4 Qc7 10. Qe2 Bd6 11. Re1 Ne5 12. Nxe5 Bxe5 13. g3 Re8 14. Kg2 Bd7 15. f4 dxe4 16. Nxe4 Nxe4 17. fxe5 Nc5 18. Bc2 Bc6+ 19. Kh3 {1-0 (50) Velten,P (2444)-Galdunts,S (2424) Germany 2017}) 5... cxd4 6. exd4 {A46: Damenbauernspiele} Be7 7. b3 $146 ({Vorgänger:} 7. Bd3 Qc7 8. O-O Nd5 9. c3 Nf4 10. Bc2 b5 11. Re1 Bb7 12. Ne4 d5 {1-0 (23) Weber,R-Stachanczyk,J Krakow 1996}) 7... O-O 8. Bb2 b6 9. Bd3 Bb7 10. O-O {LiveBook: 69 Partien} Re8 11. Qe2 a6 12. Ne5 Qc7 13. f4 d6 14. Ng4 Nxg4 15. Qxg4 {[#] Und weiter mit d5! wäre nett.} f5 16. Qe2 Bf6 17. Nf3 b5 {[%cal Bb6b5,Bb5c4][%mdl 32]} 18. Rfe1 Qb6 $36 {[%cal Rc6d4][%mdl 2048] Schwarz drückt.} 19. Qf2 Na5 20. b4 ({Günstiger ist} 20. Nd2 $11) 20... Nc4 $15 21. Bxc4 bxc4 22. Bc3 Bd5 23. Nd2 Re7 24. Nf1 g5 25. Ne3 Be4 {[#]} (25... Bb7 $17 26. fxg5 Bxg5) 26. Nf1 $2 {Precision: Weiß = 41%, Schwarz = 54%.} (26. Ng4 $1 $11 {[%mdl 512]} Rf8 (26... fxg4 27. Rxe4) 27. Nxf6+ Rxf6 28. fxg5) 1/2-1/2

[Event "EYCC Open U12 2018"]
[Site "Riga"]
[Date "2018.08.29"]
[Round "9"]
[White "Rozen, Eytan"]
[Black "Samadov, Read"]
[Result "1-0"]
[WhiteElo "2106"]
[BlackElo "1997"]
[Annotator "TA"]
[PlyCount "93"]
[EventDate "2018.08.20"]
[EventType "swiss"]
[EventCountry "LAT"]
[SourceTitle "playchess.com"]
[Source "ChessBase"]
[SourceQuality "1"]

{[%evp 18,93,0,-23,6,0,2,0,0,1,0,7,13,15,17,-27,-8,-9,-8,-10,0,0,0,0,0,0,0,0,0,0,0,0,0,0,0,0,0,0,0,0,0,0,0,0,0,0,0,0,0,0,0,0,0,0,0,0,0,0,0,0,0,0,0,0,0,0,183,225,29992,29985,29985,29986,29994,29995,29997,29998,29998,29999]} 1. c4 e5 2. Nc3 Nf6 3. Nf3 Nc6 4. g3 d5 5. cxd5 Nxd5 6. d3 Be7 7. Bg2 Be6 8. Bd2 O-O 9. O-O Qd7 10. Rc1 {LiveBook: 16 Partien} Nxc3 {A29: Englische Eröffnung (Vierspringer-Variante)} 11. Bxc3 f6 12. Qc2 Rac8 {Die Stellung ist ausgeglichen.} 13. e3 $146 ({Vorgänger:} 13. Nd2 Bd5 14. Bxd5+ Qxd5 15. a3 Rfd8 16. b4 Nd4 17. Bxd4 Qxd4 18. Nb3 {0-1 (89) Seeman,T (2446)-Parkkinen,J (2251) Jyvaskyla 2003}) 13... Bd5 14. Rfd1 Qe6 15. b3 {[#] Und weiter mit e4 wäre nett.} Qf7 16. Nd2 Bxg2 17. Kxg2 Rfd8 18. Nf3 Rd7 19. d4 exd4 20. Nxd4 Nxd4 21. Bxd4 c5 22. Bb2 Rcd8 23. Rxd7 Rxd7 24. Rd1 Rxd1 25. Qxd1 c4 26. bxc4 Qxc4 27. Qd7 Qe4+ 28. f3 Qc2+ 29. Kh3 {Droht stark De8+.} Qxb2 30. Qxe7 $11 {[%cal Re7e8][%mdl 4096] [#] Endspiel KD-KD} Qb5 31. e4 h5 32. f4 Kh7 33. e5 Kg6 34. Kh4 Qe2 {[%cal Re2h2]} 35. h3 {zielt auf De8+ ab.} fxe5 36. Qe6+ ({Vergiftet wäre} 36. Qxe5 $2 Qxe5 37. fxe5 b5 $19) (36. a4 {looks sharper.} e4 37. Qxb7 Qd3 38. Qc6+ Kh7 39. Qe8) 36... Kh7 37. fxe5 Qf3 38. Qe7 a5 39. a4 b6 40. g4 Qf4 41. Qd6 Qh2 $2 (41... hxg4 $11 {und Schwarz muss sich keine Sorgen machen.} 42. hxg4 Qxa4) 42. Kg5 (42. Qxb6 Qxe5 43. Qb5 Qe7+ 44. Kg3 Qe3+ 45. Kg2 Qe4+ 46. Kg3 Qe3+ 47. Kg2 Qe4+ 48. Kg3 Qe3+ $11) ({Schlechter ist} 42. Kxh5 Qxh3+ 43. Kg5 Qe3+ 44. Kh4 Qe1+ 45. Kh5 Qh1+ 46. Kg5 Qc1+ 47. Kh5 Qh1+ 48. Kg5 Qc1+ 49. Kh5 Qh1+ $11) 42... Kh8 $2 (42... Qc2 $18 43. Kxh5 (43. gxh5 Qg2+ 44. Kf4 Qh2+ 45. Ke4 Qh1+ 46. Kd4 Qd1+ 47. Kc3 Qxh5 $11) 43... Qe4) 43. Qd8+ {Weiß setzt Matt.} Kh7 44. Qd3+ Kg8 45. Kg6 {[%cal Rd3d8]} Qf4 46. Qd5+ Kh8 47. Qa8+ {Precision: Weiß = 90%, Schwarz = 71%.} 1-0

[Event "EYCC Open U12 2018"]
[Site "Riga"]
[Date "2018.08.29"]
[Round "9"]
[White "Droin, Augustin"]
[Black "Sokolovsky, Yahli"]
[Result "1-0"]
[WhiteElo "2077"]
[BlackElo "2062"]
[Annotator "NA"]
[PlyCount "160"]
[EventDate "2018.08.20"]
[EventType "swiss"]
[EventCountry "LAT"]
[SourceTitle "playchess.com"]
[Source "ChessBase"]
[SourceQuality "1"]
[TimeControl "40/5400+30:1800+30"]

1. e4 {[%emt 0:00:00]} g6 {[%emt 0:00:00]} 2. d4 {[%emt 0:00:00]} Bg7 {[%emt 0:00:00]} 3. Nf3 {[%emt 0:00:06]} d6 {[%emt 0:00:32]} 4. Bc4 {[%emt 0:00:30]} Nf6 {[%emt 0:03:39]} 5. Qe2 {[%emt 0:00:14]} O-O {[%emt 0:01:41]} 6. O-O {[%emt 0:00:23]} a6 {[%emt 0:02:47] B06: Moderne Verteidigung} (6... Bg4 7. h3 Bxf3 8. Qxf3 Nc6 9. c3 e5 10. Be3 exd4 11. cxd4 Nd7 12. Rd1 Nb6 13. Bb3 Na5 14. Nc3 Nxb3 15. axb3 c6 16. d5 {½-½ (41) Vachier Lagrave,M (2779)-Nakamura,H (2777) Saint Louis 2018}) 7. e5 {[%emt 0:04:32]} dxe5 $146 {[%emt 0:02:36]} ({Vorgänger:} 7... Ne8 8. h3 Nc6 9. c3 Kh8 10. Bf4 Na5 11. Bd3 c5 12. dxc5 dxc5 13. Rd1 {1-0 (63) Hebden,M (2516)-Harvey,M (2130) England 2012}) 8. dxe5 {[%emt 0:02:33]} Nd5 {[%emt 0:02:05]} 9. Rd1 {[%emt 0:00:21]} c6 {[%emt 0:03:46]} 10. Bxd5 {[%emt 0:06:56]} cxd5 {[%emt 0:00:06]} 11. c4 {[%emt 0:00:03]} Bg4 {[%emt 0:05:21]} 12. cxd5 {[%emt 0:15:12]} Nd7 {[%emt 0:04:05]} 13. Bf4 {[%emt 0:04:52]} Qc7 {[%emt 0:09:13]} 14. Nbd2 {[%emt 0:03:06]} Nxe5 {[%emt 0:04:40]} (14... Nb6 $142) 15. Bxe5 {[%emt 0:00:27]} Bxe5 {[%emt 0:00:04]} 16. Qxe5 {[%emt 0:00:10]} Qxe5 {[%emt 0:00:04]} 17. Nxe5 {[%emt 0:00:02]} Bxd1 {[%emt 0:00:09]} 18. Rxd1 {[%emt 0:00:06]} Rfd8 {[%emt 0:01:45]} 19. Ndc4 {[%emt 0:01:42]} Rac8 {[%emt 0:01:49]} 20. Ne3 {[%emt 0:01:08]} Rc5 {[%emt 0:02:46]} 21. Kf1 {[%emt 0:02:55]} e6 {[%emt 0:03:12]} 22. Nd3 {[%emt 0:00:18]} Rc7 {[%emt 0:02:12]} 23. dxe6 {[%emt 0:00:24]} fxe6 {[%emt 0:00:11]} 24. Ke2 {[%emt 0:00:25]} Kg7 {[%emt 0:02:25]} 25. Nf4 {[%emt 0:01:28]} Rxd1 {[%emt 0:05:55]} 26. Nxe6+ {[%emt 0:00:19]} Kf6 {[%emt 0:04:11]} 27. Nxc7 {[%emt 0:00:13]} Rb1 {[%emt 0:01:31]} 28. Ncd5+ {[%emt 0:00:07]} Ke5 {[%emt 0:07:06]} 29. Kd3 {[%emt 0:00:06]} b5 {[%emt 0:01:23]} 30. Kc2 {[%emt 0:00:13]} Re1 {[%emt 0:02:18]} 31. Nc3 {[%emt 0:00:04]} Kd4 {[%emt 0:01:57]} 32. Kd2 {[%emt 0:00:15]} Rh1 {[%emt 0:00:29]} 33. h3 {[%emt 0:00:54]} h5 {[%emt 0:02:38]} 34. Ne2+ {[%emt 0:01:04]} Ke5 {[%emt 0:00:25]} 35. f4+ {[%emt 0:00:43]} Kd6 {[%emt 0:01:03]} 36. Ng3 {[%emt 0:00:09]} Ra1 {[%emt 0:01:20]} 37. a3 {[%emt 0:00:07]} a5 {[%emt 0:01:20]} 38. Ne2 {[%emt 0:02:13]} b4 {[%emt 0:01:59]} 39. Nc4+ {[%emt 0:03:33]} Kc5 {[%emt 0:07:07]} 40. Nxa5 {[%emt 0:00:00]} bxa3 {[%emt 0:00:00]} 41. Nb3+ {[%emt 0:01:33]} Kd6 {[%emt 0:02:23]} 42. bxa3 {[%emt 0:01:22]} Rxa3 {[%emt 0:00:29]} 43. Nbd4 {[%emt 0:03:47]} Ke7 {[%emt 0:02:06]} 44. Ke1 {[%emt 0:00:26]} Kf6 {[%emt 0:00:52]} 45. Kf2 {[%emt 0:01:12]} g5 {[%emt 0:05:06]} 46. Nf3 {[%emt 0:00:29]} gxf4 {[%emt 0:03:43]} 47. Nxf4 {[%emt 0:00:10]} Ra5 {[%emt 0:00:15]} 48. Kg3 {[%emt 0:00:28]} Kg7 {[%emt 0:02:18]} 49. Kh4 {[%emt 0:00:18]} Kh6 {[%emt 0:00:05]} 50. g3 {[%emt 0:00:10]} Rc5 {[%emt 0:04:49]} 51. Ne1 {[%emt 0:01:31]} Ra5 {[%emt 0:00:46]} 52. Nc2 {[%emt 0:00:08]} Rb5 {[%emt 0:02:25]} 53. Ne3 {[%emt 0:00:11]} Re5 {[%emt 0:01:11]} 54. Nc4 {[%emt 0:01:31]} Rc5 {[%emt 0:01:03]} 55. Nd6 {[%emt 0:00:18]} Ra5 {[%emt 0:00:41]} 56. Ne4 {[%emt 0:00:43]} Rf5 {[%emt 0:00:43]} 57. Nd6 {[%emt 0:00:42]} Ra5 {[%emt 0:00:31]} 58. Ne8 {[%emt 0:00:25]} Rf5 {[%emt 0:00:24]} 59. Nc7 {[%emt 0:00:06]} Re5 {[%emt 0:00:46]} 60. Na8 {[%emt 0:00:49]} Rb5 {[%emt 0:00:36]} 61. Nc7 {[%emt 0:00:12]} Re5 {[%emt 0:00:15]} 62. Nce6 {[%emt 0:00:56]} Rf5 {[%emt 0:02:00]} 63. Nd4 {[%emt 0:00:16]} Rc5 {[%emt 0:00:57]} 64. Nf3 {[%emt 0:00:12]} Ra5 {[%emt 0:00:29]} 65. Nd2 {[%emt 0:00:08]} Rb5 {[%emt 0:01:13]} 66. Ne4 {[%emt 0:00:46]} Rf5 {[%emt 0:00:18]} 67. Nd6 {[%emt 0:01:15]} Ra5 {[%emt 0:00:44]} 68. Nc8 {[%emt 0:00:18]} Rb5 $1 {[%emt 0:01:07]} 69. Ne7 {[%emt 0:00:25]} Re5 {[%emt 0:00:16]} 70. Nc8 {[%emt 0:02:14]} Rb5 {[%emt 0:01:18]} 71. Nd6 {[%emt 0:00:26]} Ra5 {[%emt 0:00:29]} 72. g4 {[%emt 0:00:51]} hxg4 {[%emt 0:00:45]} 73. hxg4 {[%emt 0:00:05]} Ra1 {[%emt 0:03:23]} 74. g5+ $11 {[%emt 0:00:58]} Kh7 {[%emt 0:01:02]} 75. g6+ {[%emt 0:00:32]} Kh8 {[%emt 0:01:01]} 76. Nf7+ {[%emt 0:01:25]} Kg7 {[%emt 0:00:18]} 77. Ng5 {[%emt 0:00:12]} Ra4 {[%emt 0:01:01]} 78. Nge6+ {[%emt 0:00:17]} Kf6 {[%emt 0:00:32]} 79. g7 {[%emt 0:00:12]} Rxf4+ {[%emt 0:00:42]} 80. Kg3 {[%emt 0:01:13]} Ra4 {Kh4 Kf7+} 1-0

[Event "EYCC Open U12 2018"]
[Site "Riga"]
[Date "2018.08.29"]
[Round "9"]
[White "Razafindratsima, Timothe"]
[Black "Vasilyev, Alexey"]
[Result "1-0"]
[WhiteElo "1978"]
[BlackElo "2018"]
[Annotator "NA"]
[PlyCount "119"]
[EventDate "2018.08.20"]
[EventType "swiss"]
[EventCountry "LAT"]
[SourceTitle "playchess.com"]
[Source "ChessBase"]
[SourceQuality "1"]
[TimeControl "40/5400+30:1800+30"]

1. e4 {[%emt 0:00:00]} c5 {[%emt 0:00:00]} 2. Nf3 {[%emt 0:00:00]} e6 {[%emt 0:00:00]} 3. d4 {[%emt 0:00:00]} cxd4 {[%emt 0:00:00]} 4. Nxd4 {[%emt 0:00:00]} Nc6 {[%emt 0:00:19]} 5. Nc3 {[%emt 0:00:02]} Qc7 {[%emt 0:00:09]} 6. Be2 {[%emt 0:00:10]} a6 {[%emt 0:00:33] LiveBook: 5533 Games} 7. a3 {[%emt 0:00:28]} Nf6 {[%emt 0:01:08]} 8. Be3 {[%emt 0:00:08]} Be7 {[%emt 0:01:32]} 9. f4 {[%emt 0:00:15]} d6 {[%emt 0:00:19]} 10. g4 {[%emt 0:00:06]} Nd7 {[%emt 0:06:21]} 11. g5 {[%emt 0:00:22]} b5 {[%emt 0:01:41]} 12. h4 {[%emt 0:03:21] B84: Sicilian Scheveningen: 6 Be2 a6, lines without early Be3} Bb7 {[%emt 0:05:16]} 13. h5 $146 {[%emt 0:03:24]} ({Predecessor:} 13. Rg1 Rc8 14. f5 Nxd4 15. Qxd4 e5 {1-0 (30) Kriebel,T (2487)-Zetocha,C (2348) Slovakia 2018}) 13... Nf8 {[%emt 0:12:26]} (13... Nc5 $14) 14. Nxc6 {[%emt 0:04:50]} Bxc6 {[%emt 0:02:06]} 15. Qd4 {[%emt 0:00:26]} e5 {[%emt 0:06:52] [#]} 16. Qd2 $1 {[%emt 0:00:43]} exf4 {[%emt 0:02:54]} 17. Bxf4 {[%emt 0:00:07]} Ne6 {[%emt 0:00:13]} 18. O-O-O {[%emt 0:03:33]} ({Lieber} 18. Be3 $16) 18... Nxf4 {[%emt 0:04:04]} 19. Qxf4 {[%emt 0:00:37]} h6 {[%emt 0:00:07]} 20. gxh6 {[%emt 0:00:24]} Rxh6 {[%emt 0:00:02]} 21. Kb1 {[%emt 0:02:44]} Rd8 {[%emt 0:02:18]} 22. Nd5 {[%emt 0:08:31]} Bxd5 {[%emt 0:03:55]} 23. Rxd5 {[%emt 0:01:50]} Bf6 {[%emt 0:00:30]} 24. Rhd1 {[%emt 0:02:10]} Be5 {[%emt 0:00:20]} 25. Qg5 {[%emt 0:00:32]} Rc8 {[%emt 0:06:03]} 26. R1d2 {[%emt 0:16:55]} Rf6 {[%emt 0:06:36] [#]} 27. Bd3 {[%emt 0:27:56]} ({Not} 27. Qxg7 $2 Rf1+ 28. Bxf1 Bxg7 $19) ({Only move:} 27. Rxe5+ $1 $16 {[%mdl 512]} dxe5 28. Qxg7) 27... Rb8 {[%emt 0:03:29]} 28. Rd1 {[%emt 0:10:49]} b4 {[%emt 0:05:16]} 29. Qxg7 {[%emt 0:03:35]} Ke7 {[%emt 0:00:41]} 30. Rxe5+ {[%emt 0:01:45]} dxe5 {[%emt 0:00:06]} 31. axb4 {[%emt 0:04:03]} Rxb4 {[%emt 0:01:44]} 32. c4 {[%emt 0:01:00]} Qb6 {[%emt 0:03:50]} 33. Rd2 {[%emt 0:00:42]} Qe3 {[%emt 0:00:30]} 34. Qg2 {[%emt 0:00:40]} Rfb6 {[%emt 0:01:16]} 35. Qe2 {[%emt 0:01:34]} Qxe2 {[%emt 0:17:50]} 36. Bxe2 {[%emt 0:00:14]} Kf6 {[%emt 0:00:26]} 37. Bd3 {[%emt 0:01:24]} Kg5 {[%emt 0:00:56]} 38. Rh2 {[%emt 0:00:15]} Rb3 {[%emt 0:01:08]} 39. c5 {[%emt 0:00:18]} Rh6 {[%emt 0:01:37]} 40. Bc4 {[%emt 0:00:00]} Rb7 {[%emt 0:00:00]} 41. Rf2 {[%emt 0:08:04]} f6 {[%emt 0:10:51]} 42. Bxa6 {[%emt 0:00:46]} Rc7 {[%emt 0:00:04]} 43. b4 {[%emt 0:00:21]} Rxh5 {[%emt 0:01:10]} 44. Rf5+ {[%emt 0:00:58]} Kg6 {[%emt 0:00:32]} 45. Rxh5 {[%emt 0:01:53]} Kxh5 {[%emt 0:00:02]} 46. Bc4 {[%emt 0:03:41]} Rc8 {[%emt 0:08:11]} 47. Kc2 $18 {[%emt 0:04:24]} Kg5 {[%emt 0:00:07]} 48. Be6 {[%emt 0:00:29]} Rb8 {[%emt 0:00:08]} 49. Kc3 {[%emt 0:03:34]} Kf4 {[%emt 0:00:13]} 50. Bf5 {[%emt 0:00:29]} Ke3 {[%emt 0:00:10]} 51. Kc4 {[%emt 0:00:17]} Rd8 {[%emt 0:00:13]} 52. c6 {[%emt 0:01:06]} Rd1 {[%emt 0:00:09]} 53. b5 {[%emt 0:00:32]} Rc1+ {[%emt 0:00:19]} 54. Kd5 {[%emt 0:00:28]} Rb1 {[%emt 0:00:12]} 55. Kc5 {[%emt 0:00:26]} Rc1+ {[%emt 0:00:04]} 56. Kb6 {[%emt 0:00:23]} Kd4 {[%emt 0:00:05]} 57. c7 {[%emt 0:00:09]} Rc5 {[%emt 0:00:06]} 58. c8=Q {[%emt 0:01:10]} Rxc8 {[%emt 0:00:08]} 59. Bxc8 {[%emt 0:00:04]} Kxe4 {[%emt 0:00:02]} 60. Kc5 {[%emt 0:00:15]} 1-0